02869nam a2200421 a 4500001001200000003000800012006001900020007001500039008004100054010001700095015001900112016001800131020002800149020003100177040002100208035002100229050002400250082001700274245015400291260006000445300002200505490004000527504005100567505128700618533015201905650003502057650001502092650001802107650002002125655002902145700002102174700003102195700001802226710001702244830004102261856012602302999001902428ebr10209144CaPaEBRm u cr cn|||||||||070116s2007 enka sb 001 0 eng  z 2007001509 aGBA7205942bnb7 z0136944602Uk z0754648885 (alk. paper) z9780754648888 (alk. paper) aCaPaEBRcCaPaEBR a(OCoLC)31774453014aBP52.5b.G46 2007eb04a305.6/9722200aGeographies of Muslim identitiesh[electronic resource] :bdiaspora, gender and belonging /cedited by Cara Aitchison, Peter Hopkins and Mei-Po Kwan. aAldershot, England ;aBurlington, VT :bAshgate,c2007. ax, 208 p. :bill.1 aRe-materialising cultural geography aIncludes bibliographical references and index.0 aCh. 1. Introduction : geographies of Muslim identities / Peter E. Hopkins, Mei-Po Kwan and Cara Carmichael Aitchison -- Ch. 2. Beyond the mosque : Turkish immigrants and the practice and politics of islam in Duisburg-Marxloh, Germany / Patricia Ehrkamp -- Ch. 3. Visible minorities : constructing and deconstructing the 'Muslim Iranian' diaspora / Cameron McAuliffe -- Ch. 4. The other within the same : some aspects of Scottish-Pakistani identity in suburban Glasgow / Sadiq Mir -- Ch. 5. Migration and the construction of Muslim women's identity in Northern Ireland / Gabriele Marranci -- Ch. 6. Reconstructing 'Muslimness' : new bodies in urban Indonesia / Sonja van Wichelen -- Ch. 7. Safe and risky spaces : gender, ethnicity and culture in the leisure lives of young South Asian women / Eileen Green and Carrie Singleton -- Ch. 8. Daughters of Islam, sisters in sport / Tess Kay -- Ch. 9. Cultural Muslims : the evolution of Muslim identity in Soviet and post-Soviet Central Asia / William C. Rowe -- Ch. 10. Islam and national development : a cross-cultural comparison of the role of religion in the process of economic development and cultural change / Samuel Zalanga -- Ch. 11. Young Muslim men's experiences of local landscapes after 11 September 2001 -- Peter E. Hopkins. aElectronic reproduction.bPalo Alto, Calif. :cebrary,d2013.nAvailable via World Wide Web.nAccess may be limited to ebrary affiliated libraries. 0aMuslimszNon-Muslim countries. 0aEthnicity. 0aIslamophobia. 0aWomen in Islam. 7aElectronic books.2local1 aAitchison, Cara.1 aHopkins, Peterq(Peter E.)1 aKwan, Mei-po.2 aebrary, Inc. 0aRe-materialising cultural geography.40uhttp://site.ebrary.com/lib/rucke/Doc?id=10209144zAn electronic book accessible through the World Wide Web; click to view c123676d123676